Rozpočtová politika a prax nižších vládnych úrovní
V kapitole sa venuje osobitná pozornosť rozpočtovému hospodáreniu nižších vládnych úrovní v širších súvislostiach. Prehľad v historickom vývoji územných celkov a ich pozícia v systéme verejnej správy.
Salvato in:
| Autore principale: | |
|---|---|
| Natura: | Capitolo di libro |
| Lingua: | slovacco |
| Soggetti: | |
| Tags: |
Nessun Tag, puoi essere il primo ad aggiungerne!!
|
MARC
| LEADER | 00000naa$a2200000$$$4500 | ||
|---|---|---|---|
| 001 | 0313203 | ||
| 005 | 20260109143534.7 | ||
| 041 | 0 | |a slo | |
| 044 | |a SK | ||
| 245 | 1 | 0 | |a Rozpočtová politika a prax nižších vládnych úrovní |c Erika Neubauerová |
| 520 | |a V kapitole sa venuje osobitná pozornosť rozpočtovému hospodáreniu nižších vládnych úrovní v širších súvislostiach. Prehľad v historickom vývoji územných celkov a ich pozícia v systéme verejnej správy. | ||
| 610 | 2 | 0 | |a rozpočty |
| 610 | 2 | 0 | |a decentralizácia |
| 610 | 2 | 0 | |a právomoc |
| 610 | 2 | 0 | |a domácnosti |
| 100 | 1 | |a Neubauerová, Erika, 1968- | |